| 000 | 00555nam a2200169Ia 4500 | ||
|---|---|---|---|
| 003 | GCL | ||
| 008 | 140319s9999 xx 000 0 ara d | ||
| 040 |
_aGCL / _cGCL |
||
| 082 | 0 | 4 |
_aم _b920.71 _bل م |
| 100 | 1 | _aلطف الله الصافى | |
| 245 | 1 | 0 |
_aمنتخب الاثر فى الامام الثانى عشر عليه السلام / _cلطف الله الصافى |
| 260 |
_a[S.N] : _bمكتبة البوذر جمهرى |
||
| 300 | _a525 | ||
| 490 |
_aشكاوى المصرى الفصيح _v0 |
||
| 650 | 0 | 4 | _aالاسلام |
| 942 |
_2ddc _cREF |
||
| 999 |
_c59278 _d59278 |
||